000 00674nam a2200241 i 4500
001 84740
003 ES-MaACL
005 20230906175105.0
007 t|
008 041123s1965 sp ||||1| spa d
080 _a264.02
100 1 _aJenny, Henry.
_966310
245 1 3 _aEl misterio pascual en el año cristiano /
_cHenry Jenny ; [traductor, J. Ortuño].
250 _a1ª ed.
260 _aBarcelona :
_bEstela,
_c1965.
300 _a133 p. ;
_c19 cm.
490 1 _aEpifanía ;
_v10
650 4 _aLiturgia.
_914683
700 1 _aOrtuño Lozano, José.
_9174590
830 1 _aEpifanía ;
_v10
_9182104
852 4 _aES-MaACL
_jC-26910
999 _c84740
_d84740